Recuerdos de mi vida diplomática / (Record no. 123282)

MARC details
000 -LEADER
campo de control de longitud fija 00647nam a2200205 4500
001 - NÚMERO DE CONTROL
campo de control 123282
003 - IDENTIFICADOR DE NÚMERO DE CONTROL
campo de control ES-MaACL
005 - FECHA Y HORA DE LA ÚLTIMA TRANSACCIÓN
campo de control 20250907063105.0
007 - CAMPO FIJO DE DESCRIPCIÓN FÍSICA--INFORMACIÓN GENERAL
campo de control de longitud fija t|
008 - DATOS DE LONGITUD FIJA--INFORMACIÓN GENERAL
campo de control de longitud fija 070214s1904 ag r ||||0| spa d
100 1# - ENTRADA PRINCIPAL--NOMBRE DE PERSONA
Nombre de persona Quesada, Vicente G.,
Fechas asociadas al nombre 1830-1913
9 (RLIN) 94565
245 10 - MENCIÓN DEL TÍTULO
Título Recuerdos de mi vida diplomática /
Mención de responsabilidad, etc. Vicente G. Quesada.
260 ## - PUBLICACIÓN, DISTRIBUCIÓN, ETC.
Lugar de publicación, distribución, etc. Buenos Aires :
Nombre del editor, distribuidor, etc. [s.n.],
Fecha de publicación, distribución, etc. 1904 (
Fabricante Coní hermanos)
300 ## - DESCRIPCIÓN FÍSICA
Extensión 2 v ;
Dimensiones 25 cm.
505 8# - NOTA DE CONTENIDO CON FORMATO
Nota de contenido con formato Contiene: Vol. I. 1885-92 Estados Unidos. Vol. II. 1891 México
740 0# - ENTRADA AGREGADA--TÍTULO RELACIONADO/ANALÍTICO NO CONTROLADO
Título relacionado o analítico no controlado 1885-92 Estados Unidos.
740 0# - ENTRADA AGREGADA--TÍTULO RELACIONADO/ANALÍTICO NO CONTROLADO
Título relacionado o analítico no controlado 1891 México.
852 ## - LOCALIZACIÓN
Ubicación ES-MaACL
Número de control de estantería G-6689-90
Holdings
Estatus retirado Estado de pérdida Estado de daño No para préstamo Biblioteca de origen Biblioteca actual Ubicación en estantería Fecha de adquisición Fuente de adquisición Total de préstamos Signatura topográfica completa Código de barras Visto por última vez Precio de reemplazo Tipo de ítem Koha
        Biblioteca del Ateneo de Madrid Biblioteca del Ateneo de Madrid Depósito 2 17/01/2008     G-6689-90 1128454 23/02/2023 23/02/2023 Libro impreso